Geometría descriptiva
Gorde:
| Egile nagusia: | |
|---|---|
| Formatua: | Liburua |
| Hizkuntza: | gaztelania |
| Argitaratua: |
Buenos Aires
Alsina
1953
|
| Gaiak: | |
| Etiketak: |
Etiketa erantsi
Etiketarik gabe, Izan zaitez lehena erregistro honi etiketa jartzen!
|
MARC
| LEADER | 00000nam a2200000 a 4500 | ||
|---|---|---|---|
| 001 | UCV7935 | ||
| 003 | CL-VaPUC | ||
| 008 | 900313e19530000AG |||||||||||||||||spa|d | ||
| 082 | 0 | 4 | |a 516.6 |b DIP |2 21 |
| 100 | 0 | |a Di Pietro, Donato |e author |9 302032 | |
| 245 | 1 | 0 | |a Geometría descriptiva |
| 300 | |a 401 p | ||
| 942 | |c BK | ||
| 945 | |d 19900313 00:00:00 | ||
| 260 | |a Buenos Aires |b Alsina |c 1953 | ||
| 650 | 7 | |a GEOMETRIA DESCRIPTIVA |2 CL-VaPUC |9 260478 | |
| 583 | |a last modification |c 19900313 00:00:00 |k Rodrigo Vera | ||
| 999 | |c 213536 |d 213534 | ||
| 952 | |0 0 |1 0 |2 ddc |4 0 |6 516_600000000000000_DIP_1953 |7 0 |8 A |9 196006 |a BIBARQ |b BIBARQ |c PAC |d 2019-11-14 |i 2639688 |o 516.6 DIP 1953 |p 2639688 |r 2025-01-20 |w 2019-11-14 |y BK |k ARQ | ||